|
|
|
|
| LEADER |
00000nam0a2200000 4500 |
| 001 |
370835 |
| 005 |
20231102012323.0 |
| 035 |
|
|
|a (RuTPU)RU\TPU\retro\28244
|
| 035 |
|
|
|a RU\TPU\retro\28243
|
| 090 |
|
|
|a 370835
|
| 100 |
|
|
|a 20220808d1978 k y0rusy50 ca
|
| 101 |
0 |
|
|a rus
|
| 102 |
|
|
|a RU
|
| 105 |
|
|
|a a z 001zy
|
| 200 |
1 |
|
|a Формации Сакмарского аллохтона (Южный Урал)
|f И. В. Хворова, Т. А. Вознесенская, Б. П. Золотарев [и др.]
|g Академия наук СССР (АН СССР), Геологический институт (ГИН) ; гл. ред. А. В. Пейве
|
| 210 |
|
|
|a Москва
|c Наука
|d 1978
|
| 215 |
|
|
|a 232 с.
|c ил.
|
| 225 |
1 |
|
|a Труды геологического института (ГИН)
|v Вып. 311
|
| 320 |
|
|
|a Библиогр.: с. 226-228.
|
| 330 |
|
|
|a В работе рассмотрены состав, строение и условия образования формаций, слагающих круп* ный аллохтон, шарьированный из эвгеосинклинальной области. Формации составляют ряд, отражающий развитие геосинклинального прогиба, возникшего на краю континента (платформы) в результате спрединга и пережившего сложную тектоническую историю. В работе уделено большое внимание палеогеографическим реконструкциям, седиментации,характеристике генетических типов морских глубоководных отложений и влиянию вулканизма на осадкообразование. Специально рассмотрена петрология вулканических комплексов в историческом и сравнительном аспектах. На основе анализа седиментации и магматизма установлено стадийное развитие прогиба, включающее рифтовую, океаническую, переходную и континентальную стадии.
|
| 606 |
1 |
|
|a Аллохтоны
|x Геология
|2 stltpush
|3 (RuTPU)RU\TPU\subj\1790
|9 30469
|
| 610 |
1 |
|
|a состав
|
| 610 |
1 |
|
|a строение
|
| 610 |
1 |
|
|a геосинклинальное строение
|
| 610 |
1 |
|
|a тектоника
|
| 610 |
1 |
|
|a формации
|
| 610 |
1 |
|
|a стратиграфия
|
| 610 |
1 |
|
|a осадкообразование
|
| 610 |
1 |
|
|a генетические типы
|
| 610 |
1 |
|
|a петрология
|
| 610 |
1 |
|
|a Южный Урал
|
| 675 |
|
|
|a 551.35
|v 3
|
| 701 |
|
1 |
|a Хворова
|b И. В.
|
| 701 |
|
1 |
|a Вознесенская
|b Т. А.
|
| 701 |
|
1 |
|a Золотарев
|b Б. П.
|
| 701 |
|
1 |
|a Ильинская
|b М. Н.
|
| 701 |
|
1 |
|a Руженцев
|b С. В.
|
| 702 |
|
1 |
|a Пейве
|b А. В.
|c российский ученый
|c геолог
|c академик АН СССР
|f 1909-1985
|g Александр Вольдемарович
|2 stltpush
|3 (RuTPU)RU\TPU\pers\13360
|4 651
|9 4015
|
| 712 |
0 |
2 |
|a Академия наук СССР (АН СССР)
|b Геологический институт (ГИН)
|c (Москва)
|2 stltpush
|3 (RuTPU)RU\TPU\col\11354
|
| 801 |
|
1 |
|a RU
|b 63413507
|c 20150211
|
| 801 |
|
2 |
|a RU
|b 63413507
|c 20220808
|g RCR
|
| 942 |
|
|
|c BK
|